000 00857nam a2200277Ia 4500
001 Para_7121
003 CHAP
008 220125s1982 xx 000 0 und d
010 _a206007
040 _cCHAP
090 _aPA FOLLETO 3056
100 _aTripp, Robert
_9115176
245 _aRecolección de datos, selección de sitios y participación del agricultor en la experimentación en fincas /
_c por Robert Tripp
260 _aEl Batán, Méx. :
_b CIMMYT
300 _a43 p.
650 _aAgricultura
_x Trabajadores
_91840
650 _aConstrucciones rurales
_927378
710 _aCentro Internacional de Mejoramiento de Maíz y Trigo
_921207
901 _aPA FOLLETO 3056
902 _aA
905 _a0000001982 0000000000 00
910 _a1982
942 _cPARA
942 _cPARA
_d1
999 _c206007
_d206007